[Event "Tatarstan-ch op"]
[Site "Kazan"]
[Date "2008.08.28"]
[Round "8"]
[White "Rodchenkov, Sergey D"]
[Black "Vasiljev, Vasili"]
[Result "0-1"]
[WhiteElo "2359"]
[BlackElo "2192"]
[PlyCount "68"]
[EventDate "2008.08.21"]
[EventType "swiss"]
[EventRounds "9"]
[EventCountry "RUS"]
[SourceTitle "EXT 2010"]
[Source "ChessBase"]
[SourceDate "2010.11.25"]
[SourceVersion "1"]
[SourceVersionDate "2010.11.25"]
[SourceQuality "1"]

1. e4 c6 2. d4 d5 3. e5 c5 4. dxc5 Nc6 5. Nf3 Bg4 6. Bb5 e6 7. Bxc6+ bxc6 8. Be3 Ne7 9. c3 Qc7 10. Bd4 Ng6 11. h3 Bxf3 12. Qxf3 f6 13. exf6 e5 14. Be3 gxf6 15. h4 Be7 16. h5 Nf8 17. b4 Qd7 18. Na3 a5 19. Nc2 Ne6 20. Bd2 0-0 21. Qf5 Nxc5 22. Qxd7 Nxd7 23. Ke2 Nb6 24. Ne3 Rfe8 25. Rhb1 axb4 26. cxb4 Ra4 27. a3 Bf8 28. Rc1 Rc8 29. g3 Kf7 30. Rc2 Ke6 31. f4 exf4 32. gxf4 Kd7 33. Bc1 Bxb4 34. Rb1 Ba5 0-1

[Event "Tatarstan-ch op"]
[Site "Kazan"]
[Date "2008.08.25"]
[Round "5"]
[White "Vasiljev, Vasili"]
[Black "Ospennikov, Dmitry V"]
[Result "1-0"]
[WhiteElo "2192"]
[BlackElo "2250"]
[PlyCount "211"]
[EventDate "2008.08.21"]
[EventType "swiss"]
[EventRounds "9"]
[EventCountry "RUS"]
[SourceTitle "EXT 2010"]
[Source "ChessBase"]
[SourceDate "2010.11.25"]
[SourceVersion "1"]
[SourceVersionDate "2010.11.25"]
[SourceQuality "1"]

1. e4 e5 2. Nf3 Nc6 3. Bb5 a6 4. Ba4 Nf6 5. 0-0 Be7 6. Re1 b5 7. Bb3 d6 8. c3 0-0 9. h3 Bb7 10. d4 Re8 11. Ng5 Rf8 12. Nf3 h6 13. Nbd2 Re8 14. a3 Bf8 15. Ba2 Qd7 16. d5 Nb8 17. c4 c6 18. b4 Qc7 19. Bb2 Nbd7 20. Rc1 Qb6 21. dxc6 Bxc6 22. Nh4 Qb7 23. cxb5 axb5 24. Qb3 d5 25. Rxc6 Qxc6 26. exd5 Qb7 27. d6 Re6 28. Nf5 g6 29. Nh4 Kh7 30. Qc2 Rc8 31. Qb1 Nd5 32. f4 Nxf4 33. Bxe6 Nxe6 34. Rf1 Nf4 35. g3 Ne2+ 36. Kh2 Qd5 37. Ne4 Kg7 38. Rf2 Nd4 39. Qf1 f5 40. Nc3 Qc4 41. Ne2 Nxe2 42. Rxe2 Qd3 43. Qf2 Kf6 44. Nf3 Re8 45. Rd2 Qe4 46. Re2 Qd5 47. Rd2 Qc6 48. Qe2 Bxd6 49. Nd4 Qb6 50. Nxb5 Re6 51. Qd3 Ke7 52. Nc3 Nf6 53. Na4 Qa7 54. Qb5 Qe3 55. Re2 Qf3 56. Nb6 f4 57. Nc8+ Kd8 58. Nxd6 Qxg3+ 59. Kh1 Qxh3+ 60. Kg1 Qg4+ 61. Kf1 Qf3+ 62. Kg1 Rxd6 63. Qa5+ Ke7 64. Qxe5+ Kd7 65. Qe7+ Kc6 66. Rc2+ Kb5 67. Rc5+ Ka4 68. Qa7+ Kb3 69. Rc3+ Qxc3 70. Bxc3 Rd1+ 71. Kg2 f3+ 72. Kxf3 Rd3+ 73. Ke2 Rxc3 74. Qf7+ Kxa3 75. Qxf6 Kxb4 76. Qxg6 Rc5 77. Qxh6 Rc2+ 78. Kd3 Rc3+ 79. Kd2 Rc5 80. Qf4+ Rc4 81. Qd6+ Kb5 82. Kd3 Rc6 83. Qd5+ Kb6 84. Kd4 Kc7 85. Qa5+ Kd7 86. Qf5+ Kc7 87. Kd5 Rd6+ 88. Kc5 Rc6+ 89. Kb5 Rb6+ 90. Ka5 Rd6 91. Qe5 Kd7 92. Kb5 Re6 93. Qd5+ Ke7 94. Kc5 Kf6 95. Qf3+ Ke7 96. Qf5 Rf6 97. Qe5+ Kf7 98. Kd5 Kg6 99. Ke4 Kf7 100. Qh5+ Ke7 101. Qg5 Kf7 102. Ke5 Rg6 103. Qd8 Re6+ 104. Kf5 Re7 105. Qd5+ Ke8 106. Kf6 1-0

[Event "Tatarstan-ch op"]
[Site "Kazan"]
[Date "2008.08.22"]
[Round "2"]
[White "Glukhov, Alexandr"]
[Black "Vasiljev, Vasili"]
[Result "0-1"]
[WhiteElo "2072"]
[BlackElo "2192"]
[PlyCount "142"]
[EventDate "2008.08.21"]
[EventType "swiss"]
[EventRounds "9"]
[EventCountry "RUS"]
[SourceTitle "EXT 2010"]
[Source "ChessBase"]
[SourceDate "2010.11.25"]
[SourceVersion "1"]
[SourceVersionDate "2010.11.25"]
[SourceQuality "1"]

1. e4 c6 2. d4 d5 3. Nd2 dxe4 4. Nxe4 Nd7 5. Nf3 Ngf6 6. Nxf6+ Nxf6 7. h3 Bf5 8. Bd3 Bxd3 9. Qxd3 e6 10. Bg5 Qa5+ 11. c3 Be7 12. 0-0 0-0 13. Ne5 Rad8 14. Bxf6 Bxf6 15. Ng4 Be7 16. Qf3 Qb6 17. Rfe1 c5 18. dxc5 Bxc5 19. b4 Be7 20. Rad1 Qc7 21. Rxd8 Rxd8 22. Re3 Bd6 23. g3 h5 24. Nh2 g6 25. Rd3 Kg7 26. Qe3 a6 27. Nf3 Be7 28. Rxd8 Bxd8 29. Kg2 Bf6 30. Nd4 Qc4 31. a4 a5 32. bxa5 Qxa4 33. Qf3 Qd7 34. Qe4 Qc7 35. Qf3 Qd7 36. Qe4 Kh7 37. Kh2 Bg7 38. Ne2 Qc7 39. Qf3 Kg8 40. h4 Be5 41. Kg2 Kg7 42. Nd4 Qd7 43. Qe4 Bf6 44. Kg1 e5 45. Nf3 Qc7 46. Qe3 Qxa5 47. Kg2 Qd5 48. Kh2 b5 49. Kg1 Kg8 50. Kh2 Bg7 51. Kg1 f6 52. Kh2 Bf8 53. Ne1 Qc5 54. Qf3 Be7 55. Kg2 f5 56. Nc2 e4 57. Qe3 Qxe3 58. Nxe3 Kf7 59. Nd5 Bd6 60. Kf1 Ke6 61. Ne3 Be5 62. Nd1 Kd5 63. Ke2 Kc4 64. Kd2 Kb3 65. Ke2 Bxc3 66. Ne3 Bd4 67. Nd5 Ka3 68. f3 b4 69. Nc7 b3 70. Nb5+ Ka4 71. f4 Kxb5 0-1

[Event "Tatarstan-ch op"]
[Site "Kazan"]
[Date "2008.08.21"]
[Round "1"]
[White "Vasiljev, Vasili"]
[Black "Akhmadeev, Vadim"]
[Result "0-1"]
[WhiteElo "2192"]
[BlackElo "2397"]
[PlyCount "67"]
[EventDate "2008.08.21"]
[EventType "swiss"]
[EventRounds "9"]
[EventCountry "RUS"]
[SourceTitle "EXT 2010"]
[Source "ChessBase"]
[SourceDate "2010.11.25"]
[SourceVersion "1"]
[SourceVersionDate "2010.11.25"]
[SourceQuality "1"]

1. e4 c5 2. Nf3 d6 3. d4 cxd4 4. Nxd4 Nf6 5. Nc3 Nc6 6. Be2 e6 7. Be3 Be7 8. g4 Nd7 9. Qd2 a6 10. 0-0-0 0-0 11. h4 Nxd4 12. Qxd4 b5 13. g5 Rb8 14. Kb1 Bb7 15. f3 Bc6 16. Ka1 b4 17. Nb1 d5 18. exd5 Bxd5 19. c4 Bc6 20. Bf4 Rb7 21. Bd6 Bxd6 22. Qxd6 Qb6 23. c5 Nxc5 24. Rc1 Nb3+ 25. axb3 Qa5+ 26. Na3 Bb5 27. Bxb5 axb5 28. Rc6 Ra7 29. Rb6 bxa3 30. Rb8 axb2+ 31. Kxb2 Qa2+ 32. Kc3 b4+ 33. Kc4 Rc7+ 34. Kd3 0-1